| 000 | 01117nam a22003017a 4500 | ||
|---|---|---|---|
| 001 | 822 | ||
| 005 | 20230710155338.0 | ||
| 008 | 230710b cb ||||| |||| 00| 0 eng d | ||
| 020 | _a0689806698 | ||
| 040 |
_aDLC _cDLC _dDLC _beng |
||
| 050 | 0 | 0 |
_aPZ7.C59118 _bFr 1996 |
| 082 | 0 | 0 |
_a813.54 _220 |
| 100 | 1 |
_aClements, Andrew, _d1949-2019, _eauthor. |
|
| 245 | 1 | 0 |
_aFrindle / _cAndrew Clements ; pictures by Brian Selznick. |
| 250 | _aThis edition first printing, September 2012 | ||
| 260 |
_aNew York : _bScholastic, _c1996. |
||
| 300 |
_a105 pages : _billustrations ; _c20 cm. |
||
| 505 | _aU | ||
| 520 | _aWhen he decides to turn his fifth grade teacher's love of the dictionary around on her, clever Nick Allen invents a new word and begins a chain of events that quickly moves beyond his control. | ||
| 521 |
_a830
_bLexile |
||
| 521 |
_aU
_bRaz-Plus |
||
| 650 | 1 |
_aTeacher-student relationships _xFiction. |
|
| 650 | 1 |
_aWords, New _xFiction. |
|
| 650 | 1 |
_aSchools _xFiction. |
|
| 700 | 1 |
_aSelznick, Brian, _eillustrator. |
|
| 906 |
_a7 _bcbc _corignew _d1 _eocip _f19 _gy-gencatlg |
||
| 942 |
_2ddc _cBK _n0 |
||
| 999 |
_c822 _d822 |
||